| 000 | 00360nam a22001217a 4500 | ||
|---|---|---|---|
| 040 | _cRUA | ||
| 082 | _aAGR SOK 2024 B542 Or.1 | ||
| 100 | _aSOK RATHA, សុខ រដ្ឋា | ||
| 245 | _aComparison Of Arganic And Morganic Muich On Okra AT Royal University Of Agriculture, | ||
| 260 |
_aPHNOM PENH _bRUA _c2024 |
||
| 300 |
_aix, _bill, _c29cm, |
||
| 942 | _cAGR | ||
| 999 |
_c25303 _d25303 |
||